Statistiken für Reiche Menschen der Weltgeschichte

Klicken Sie hier um das Quiz zu spielen!

Allgemein

  • Dieses Quiz wurde 94 mal gespielt
  • Das Durchschnittsergebnis liegt bei 9 aus 20

Antwortstatistiken

HintAntwort% Korrekt
Gründer von Microsoft und lange Zeit reichster Mensch der WeltBill Gates
92%
Gründer der Firma, welche das erste fließbandgefertigte Auto herstellteHenry Ford
80%
Gründer von Amazon und zurzeit reichster Mensch der WeltJeff Bezos
72%
Essener Stahlmagnat, angeklagt in den Nürnberger Prozess wegen Kollaboration mit HitlerGustav Krupp
69%
Augsburger Bankier und Finanzieur der Habsburger-Kaiser, Erbauer einer SozialsiedlungJakob Fugger
67%
Gründer der Standard Oil Company und erster Dollar-MilliardärJohn D Rockefeller
64%
Erster Kaiser Roms, reich durch den Privatbesitz von ÄgyptenAugustus
60%
Florentinischer Bankier und Kunstmäzen, der quasi zum Alleinherrscher der Stadt wurdeCosimo de Medici
58%
Frankfurter Bankier, der mit seinen Söhnen ein europäisches Banksystem aufbauen konnteNathan Mayer Rothschild
57%
Letzter russischer Zar, der im Zuge der Oktoberrevolution hingerichtet wurdeNikolaus II
57%
Kleptokratischer Herrscher Libyens, durch den arabischen Frühling gestürzt und getötetMuammar al-Gadaffi
42%
Herzog der Normandie, der England erobern konnteWilhelm der Eroberer
41%
Teil des ersten Triumvirats, fiel im Krieg gegen die PartherCrassus
27%
Amerikanischer Stahlmagnat und Namensgeber einer bekannten Musikhalle in New YorkAndrew Carnegie
24%
König von Mali, dessen großzügige Goldgeschenke eine Hyperinflation in Ägypten bewirktenMansa Musa
23%
Aktienspekulant und Leiter von Berkshire HathawayWarren Buffett
19%
"Eisenbahnkönig" des amerikanischen "Gilded Age"Cornelius Vanderbilt
8%
Mogulherrscher, bekannt für seine Expansion des Reiches und religiöse ToleranzAkbar der Große
7%
König von Lydien, der sein Reich an das Perserreich von König Cyrus verlorCroesus
5%
Nizam von Hyderabad und zeitweise reichster Mensch der Welt durch DiamantabbauAsaf Jah VII
1%

Verteilung der Resultate

Perzentil nach korrekt beantworteten Fragen

Anzahl Personen mit jedem Resultat

Ihre Resultats-Entwicklung

Sie haben dieses Quiz noch nicht gespielt